00565nam a2200217Ia 4500003000900000005001700009008004100026040001300067040001300080041000800093100002200101245010500123250000900228260003100237260000900268300001200277300001200289490003100301490000600332710000900338IT-RoPAU20220918175652.0120407s9999 xx 000 0 und d aIT-RoPAU cIT-RoPAU aita aFrancisco Brandle aSan Giuseppe nel seicento. Atti del Terzo Simposio Internazionale. Montréal, 14-21 settembre 1980. aRoma aLibreria Editrice Murialdo c1981 a1088 p. c24,5 cm aSt. e ric. su San Giuseppe v1 aetc.